000 00662nam a2200241Ia 4500
005 20260306150359.0
008 008 260114s9999 xx 000 0 eng d
020 _a9781400846962
037 _aEbook
040 _aCRL
040 _beng
040 _cCRL
041 _2eng
041 _aeng
084 _qCRL
245 0 _aPhilosophical Fragments, or a Fragment of Philosophy/Johannes Climacus, or De omnibus dubitandum est. (Two books in one volume)
260 _bPrinceton University Press
260 _c1986
650 _aPhilosophy
856 _uhttps://www.degruyter.com/isbn/9781400846962
942 _cEBOOK
999 _c1696198
_d1696198